LEADER 01348nas 2200457- 450 001 9910764259703321 005 20250603110052.0 011 $a2667-9809 035 $a(OCoLC)1393140422 035 $a(CKB)5850000000013707 035 $a(CONSER)--2023207319 035 $a(MiFhGG)7N2O 035 $a(DE-599)ZDB3120385-1 035 $a(DcWaBHL)210881 035 $a(EXLCZ)995850000000013707 100 $a20230809a20229999 --- a 101 0 $aeng 135 $aur||||||||||| 181 $ctxt$2rdacontent 182 $cc$2rdamedia 183 $acr$2rdacarrier 200 00$aCaucasiana $ejournal on the biodiversity of the Caucasus and the adjacent regions 210 1$a[Sofia, Bulgaria] :$cPensoft,$d2022- 300 $aIssuing body: Ilia State University. 311 08$a1512-1720 606 $aBiodiversity$zCaucasus$vPeriodicals 606 $aEcology$vPeriodicals 606 $aBiodiversity$2fast$3(OCoLC)fst01429860 606 $aEcology$2fast$3(OCoLC)fst00901476 607 $aCaucasus$2fast 608 $aPeriodicals.$2fast 615 0$aBiodiversity 615 0$aEcology 615 7$aBiodiversity. 615 7$aEcology. 712 02$aPENSOFT Publishers, 712 02$aIlias saxelmcip?o universiteti, 906 $aJOURNAL 912 $a9910764259703321 996 $aCaucasiana$93644330 997 $aUNINA